Breve historia de la literatura inglesa /

Guardado en:
Autor Principal: Dudgeon, P. D.
Formato: Libro
Publicado: Buenos Aires : Claridad, 1988
Series:Breve Historia Claridad
Materias:
Etiquetas: Agregar Etiqueta
Sin Etiquetas, Sea el primero en etiquetar este registro!
LEADER 00596nam a22001935a 4500
001 EHU.bham028024
003 AR-BHAM
005 20110518104441.0
008 130507s1988##################000#0#####d
082 8 2 |a 820.09 
100 1 |a Dudgeon, P. D. 
245 1 0 |a Breve historia de la literatura inglesa /  |c P. D. Dudgeon 
260 |a Buenos Aires :  |b Claridad,  |c 1988 
300 |a 213 p. 
490 0 |a Breve Historia Claridad 
653 |a Literatura inglesa 
653 |a Literatura inglesa-historia 
653 |a Literatura inglesa-estudios 
859 |a AR-BHAM  |b BIB. HUMANIDADES - General  |h 820.09  |i D865  |p 119.05  |t Ej.1